| 000 | 01076nam a22002777a 4500 | ||
|---|---|---|---|
| 005 | 20240530110608.0 | ||
| 008 | 160514s2013 ua a g b 000 0 ara d | ||
| 017 |
_a2013/1778 _bمصر . دار الكتب المصرية |
||
| 020 | _a9789773505028 | ||
| 040 | _aEG-CaGPL | ||
| 082 | 0 | 4 |
_221 _a658.31242\ _bح ت |
| 100 | 0 | _aحسين التهامى . | |
| 245 | 1 | 2 |
_aالتفكير الخلاق : _bاستخدام القدرات و الميول الانسانية و الفروق الفردية فى العملية الادارية / _cحسين التهامى . |
| 250 | _aط.1 | ||
| 260 |
_aالقاهرة : _bدار الكتاب الحديث ، _c2013 . |
||
| 300 |
_a158 ص ؛ _c24 سم . |
||
| 490 | 0 | _aالسلوك التنظيمى فى الادارة . | |
| 504 | _aببليوجرافية : ص 149 - 153 | ||
| 650 | 0 | 4 | _aالسلوك الادارى . |
| 650 | 0 | 4 | _aعلم النفس الادارى . |
| 650 | 0 | 4 | _aالتعلم |
| 650 | 0 | 4 | _aالعاطفة |
| 650 | 0 | 4 | _aالاعلان |
| 942 |
_2ddc _cBK |
||
| 999 |
_c62793 _d62793 |
||